00836nam a2200253 a 4500001001300000003000900013005001700022008004100039020002600080082001300106100002300119245006600142260003500208300000900243500003500252505006200287650002700349650003500376700002300411902000800434942000700442952011600449999001700565nice12345678IN_TiNIC20260116014958.0050524s1989 newa grp 000 0 eng  a0809182 c582.7500a266bGIT aGittins, Anthony J aGifts and Strangersb Meeting the Challenge of Inculturation. aNew YorkbPaulist Press c1989 a144p aincludes index and biblioraphy2 aFootnotes ofthe list of the names/ chaiers of "Holy Land" aTheology-Inculturation aCatholic Church Missions-India1 aGittins, Anthony J bSRS cBK 001040708StackRoom-aHMIbHMId2007-07-11g582.75l0o266 GITp11001052r2007-07-11v582.75w2005-05-24yBK c17814d17814